000 00480nam a2200169Ia 4500
008 240729s9999 xx 000 0 und d
022 _a2092-6448
245 0 _aInfection & Chemotherapy
260 _aKorea, Republic of
260 _bJin Publishing & Printing Co.
650 _a Infectious and parasitic diseases
650 _a Internal medicine
650 _aMedicine
856 _uhttps://doaj.org/toc/777474335e4740d3a84748de6ee3dc24
942 _2ddc
942 _cDOAJEJ
999 _c74842
_d74842
945 _a1
_bMadushi Gamage
_c1
_dMadushi Gamage